| 000 | 00586nam a2200229 a 4500 | ||
|---|---|---|---|
| 003 | AR-BaBNM | ||
| 005 | 20251128202722.0 | ||
| 008 | 082120s2002 ||||||||||||||000 | spa|| | ||
| 020 | _a950-549-252-9 | ||
| 040 | _cAR-BaBNM | ||
| 100 | 1 | _aPenelas, Carlos | |
| 245 | 0 | 0 | _aEl corazón del bosque |
| 260 |
_aBuenos Aires _bTorres Agüero Editor _c1992 |
||
| 300 | _a54 p. | ||
| 500 | _aContiene referencias biobibliográficas | ||
| 650 | 4 | _aLITERATURA ARGENTINA | |
| 650 | 4 | _aLITERATURA CONTEMPORANEA | |
| 650 | 4 | _aPOESIA | |
| 655 | _aLITERATURA | ||
| 942 | _cBK | ||
| 998 | _cMARTIN | ||
| 999 |
_c239 _d239 |
||